Gaming Quiz

Random Gaming Quiz

Riviera the Promised Land Characters Quiz Stats

 Plays Quiz not verified by Sporcle

Also try: Name the Game
Challenge
Share
Tweet
Embed
Score 0/6 Timer 01:00
0 Plays Today
% Correct
Ein
100%
Fia
100%
Serene
100%
Cierra
97%
Lina
90.9%
Ledah
87.9%

You're not logged in!

Compare scores with friends on all Sporcle quizzes.
OR
Log In

You Might Also Like...

Show Comments

Extras

Created Nov 21, 2009ReportNominate
Tags:character, land, promised, riviera

Top Quizzes Today


Score Distribution

Your Account Isn't Verified!

In order to create a playlist on Sporcle, you need to verify the email address you used during registration. Go to your Sporcle Settings to finish the process.

Report this User

Report this user for behavior that violates our Community Guidelines.

Details: